<?xml version="1.0" encoding="UTF-8"?>
<record
    xmlns:xsi="http://www.w3.org/2001/XMLSchema-instance"
    xsi:schemaLocation="http://www.loc.gov/MARC21/slim http://www.loc.gov/standards/marcxml/schema/MARC21slim.xsd"
    xmlns="http://www.loc.gov/MARC21/slim">

  <leader>00686    a2200133   4500</leader>
  <controlfield tag="001">125164</controlfield>
  <datafield tag="020" ind1=" " ind2=" ">
    <subfield code="a">9788520912928</subfield>
  </datafield>
  <datafield tag="040" ind1=" " ind2=" ">
    <subfield code="c">Escola Canadense de Niteroi</subfield>
  </datafield>
  <datafield tag="090" ind1=" " ind2=" ">
    <subfield code="a">T2</subfield>
  </datafield>
  <datafield tag="100" ind1=" " ind2=" ">
    <subfield code="a">Machado, Ana Maria</subfield>
  </datafield>
  <datafield tag="245" ind1="1" ind2="0">
    <subfield code="a">O Tesouro Das Cantigas Para Crian&#xE7;as 2</subfield>
  </datafield>
  <datafield tag="520" ind1=" " ind2=" ">
    <subfield code="a">Organizadas por Ana Maria Machado e ilustradas por Cl&#xE1;udio Martins, &#xB4;O Tesouro das Cantigas 2&#xB4; traz as letras de 33 can&#xE7;&#xF5;es, parlendas e trovas infantis brasileiras, para fazer a alegria da garotada junto a pais e professores. Obra que resgata uma bela fatia do patrim&#xF4;nio folcl&#xF3;rico brasileiro, conduzindo-a para um contexto atual e urbano. Inclui CD com todas as m&#xFA;sicas do livro.</subfield>
  </datafield>
  <datafield tag="942" ind1=" " ind2=" ">
    <subfield code="c">BK</subfield>
  </datafield>
  <datafield tag="952" ind1=" " ind2=" ">
    <subfield code="0">0</subfield>
    <subfield code="1">0</subfield>
    <subfield code="4">0</subfield>
    <subfield code="7">0</subfield>
    <subfield code="a">80.1</subfield>
    <subfield code="b">80.1</subfield>
    <subfield code="d">2024-02-09</subfield>
    <subfield code="l">0</subfield>
    <subfield code="o">T2</subfield>
    <subfield code="p">A02497</subfield>
    <subfield code="r">2024-02-09 21:21:45</subfield>
    <subfield code="w">2024-02-09</subfield>
    <subfield code="y">BK</subfield>
  </datafield>
  <datafield tag="999" ind1=" " ind2=" ">
    <subfield code="c">125164</subfield>
    <subfield code="d">125164</subfield>
  </datafield>
</record>
